| Tag |
First Indicator |
Second Indicator |
Subfields |
| LEADER |
00000pam a2200000 a 4500 |
| 001 |
in00000069247 |
| 005 |
20151008053319.0 |
| 008 |
780816s1979 nyua j 00011 engm |
| 010 |
|
|
|a 78019510
|
| 020 |
|
|
|a 0690039093 :
|c $6.95.
|
| 020 |
|
|
|a 0690039107 (lib. bdg.)
|
| 035 |
|
|
|a (OCoLC)04193636
|
| 035 |
|
|
|9 AAH7015AM
|
| 040 |
|
|
|a DLC
|c DLC
|d m.c.
|d TXA
|d UtOrBLW
|
| 049 |
|
|
|a [Curr Col] TXAM
|c [933495]
|
| 050 |
0 |
0 |
|a PZ7 M42385
|b Ch 1979
|
| 082 |
0 |
|
|a [Fic]
|
| 100 |
1 |
|
|a Massie, Diane Redfield.
|
| 245 |
1 |
0 |
|a Chameleon was a spy /
|c story and pictures by Diane Redfield Massie.
|
| 250 |
|
|
|a 1st ed.
|
| 264 |
|
1 |
|a New York :
|b Crowell,
|c [1979]
|
| 264 |
|
4 |
|c ©1979
|
| 300 |
|
|
|a 40 unnumbered pages :
|b illustrations (some color) ;
|c 24 cm.
|
| 336 |
|
|
|a text
|b txt
|2 rdacontent
|
| 337 |
|
|
|a unmediated
|b n
|2 rdamedia
|
| 338 |
|
|
|a volume
|b nc
|2 rdacarrier
|
| 520 |
|
|
|a Chameleon becomes a spy in order to recover the formula for the world's best pickles.
|
| 650 |
|
1 |
|a Anoles
|x Fiction.
|
| 650 |
|
1 |
|a Pickles
|x Fiction.
|
| 650 |
|
1 |
|a Spy stories.
|
| 999 |
|
|
|a MARS
|
| 999 |
f |
f |
|s e48591c1-3409-3820-b6af-2967a838a9bb
|i ae755490-753a-3f66-9d7a-2a8ec30011df
|t 0
|
| 952 |
f |
f |
|p ric
|a Texas A&M University
|b Rellis Campus
|c Joint Library Facility
|d Remote Storage
|t 0
|e PZ7 M42385 Ch 1979
|h Library of Congress classification
|i unmediated -- volume
|m A14805915972
|
| 998 |
f |
f |
|a PZ7 M42385 Ch 1979
|t 0
|l Remote Storage
|